Lana Del Rey - Burning Desire Lyrics - Statistics

General Stats
  • This quiz has been taken 150 times
  • The average score is 348 of 417
Answer Stats
Answer % Correct
I
100%
a
99%
you
99%
You
99%
baby
98%
for
98%
burning
94%
desire
94%
desire)
94%
the
94%
to
94%
got
93%
Every
92%
fast
92%
in
92%
my
92%
I've
91%
(I've
91%
drive
90%
get
90%
night
89%
up
88%
on
87%
Saturday
87%
don't
86%
(Don't
86%
it
85%
wind
85%
hair
84%
dressed
83%
just
83%
me
83%
Your
83%
your
83%
care
81%
care)
81%
ride
80%
and
79%
where
79%
you're
79%
be
78%
'cause
77%
I'm
77%
there
76%
limits
74%
lips
74%
push
74%
touch
74%
been
73%
pretend
73%
But
72%
but
72%
down
71%
everywhere
71%
myself
71%
(Come
70%
come
70%
hands
67%
boy)
66%
Have
66%
here
66%
ask
65%
want
65%
hips
64%
know
64%
name
64%
Cruising
63%
driving
62%
flash!
62%
Hollywood
61%
street
61%
scared
60%
tell
60%
feeling
58%
like
58%
nowhere
58%
trying
55%
Vine
55%
Everyone
54%
radio
54%
knows
53%
alive
51%
were
50%
only
47%
prayer
46%
lights
44%
was
44%
Over
43%
over
43%
Monica
42%
Santa
42%
again
39%
seem
38%
blares
36%
Oh
35%
oh
35%
racing
25%
No matching quizzes found
Score Distribution
Percent of People with Each Score
Percentile by Number Answered
Your Score History
You have not taken this quiz